000 01285nam a2200265 a 4500
001 12983
003 BD-RjUL
005 20211208235403.0
008 190306s1930 u 000 0 eng
035 _a(BD-RjUL)13033
040 _aDLC
_cABC
_dEQO
_dBD-RjUL
_beng
041 _aeng
082 _223
_a326
_bSIS 1930
100 1 _aSimon, Kathleen Harvey,
_9229081
245 1 0 _aSlavery /
_cby Kathleen Simon ; With a pref. by John Simon.
250 _aPeople's library ed. , New ed.
260 _aLondon :
_bHodder and Stoughton, limited,
_c1930
300 _axv, 300 p. ;
_c23 cm.
490 _aPeople's library.
505 0 _aPreface to the new edition. -- Preface by Sir John Simon. -- Author's foreword. -- The cry of the slaves.-- The slaves of Abyssinia.-- Sudan.-- Arabia.-- Sierra Leone.-- Liberia.-- Slavery in China.-- Burma.-- Nepal.-- Other forms of servitude.-- Forced labour.-- The gallery of emancipators.-- Slavery and the law.-- Abolition: the new international effort.-- The challenge to civilisation.-- Supplemental chapter. -- Appendices: I. Slavery convention. II. Slave Trade (consolidation) Act, 1873. -- Index.
650 0 _aSlavery.
_9229082
700 _aSimon, John , prefacer
_9229085
830 0 _aPeople's library.
_9229086
942 _2ddc
_cRAR
999 _c12983
_d12983